000 00659nmc a2200253 a 4500
003 AR-X00000XY
005 20251128211945.0
008 297020s1994 ||||||||||||||000 | spa||
020 _a0-8442-4169-5
040 _cAR-X00000XY
100 1 _aNourse, Kenneth A.
245 1 0 _aHow to write your college application essay
260 _aLincolnwood
_bNTC Publishing Group
_c1994
300 1 _aix, 95 p.
490 0 _aVGM Career horizons
650 4 _aENSENANZA DE IDIOMAS
650 4 _aREDACCION
650 4 _aCOMPOSICION LITERARIA
650 4 _aRETORICA
650 4 _aINGLES
653 0 _aPRECEPTIVA LITERARIA
942 _cBK
998 _cNancy
999 _c21790
_d21790